书目信息 |
| 题名: |
沈从文散文选集
|
|
| 作者: | 周文彬 编 | |
| 分册: | ||
| 出版信息: | 天津 百花文艺出版社 2004.08 |
|
| 页数: | 291页 | |
| 开本: | 20cm | |
| 丛书名: | 百花散文书系 | |
| 单 册: | ||
| 中图分类: | I266 , I266 | |
| 科图分类: | ||
| 主题词: | 散文--作品集--中国--现代 | |
| 电子资源: | ||
| ISBN: | 7-5306-0654-9 | |
| 000 | 00736nam2 2200253 45 | |
| 005 | 20070409152314.70 | |
| 010 | @a7-5306-0654-9@dCNY 24.00 | |
| 100 | @a20021118e2004 ekmy0chiy0121 ea | |
| 101 | 0 | @achi |
| 102 | @aCN@b120000 | |
| 105 | @ay z 000cy | |
| 200 | 1 | @a沈从文散文选集@Ashen cong wen san wen xuan ji@f周文彬编 |
| 205 | @a第2版 | |
| 210 | @a天津@c百花文艺出版社@d2004.08@h2000.10重印 | |
| 215 | @a291页@d20cm | |
| 225 | 2 | @a百花散文书系@e现代精华@i现代散文丛书 |
| 410 | 0 | @12001 @a百花散文书系@e现代精华 |
| 410 | 0 | @12001 @a现代散文丛书 |
| 606 | 0 | @a散文@j作品集@y中国@z现代 |
| 690 | @aI266@v4 | |
| 690 | @aI266@v3 | |
| 701 | 0 | @a周文彬@Azhou wen bin@4编 |
| 801 | 0 | @aCN@c20070409 |
| 905 | @a10447@dI266@eZ800 | |
| 沈从文散文选集/周文彬编.-第2版.-天津:百花文艺出版社,2004.08(2000.10重印) |
| 291页;20cm.-(百花散文书系:现代精华.现代散文丛书) |
| ISBN 7-5306-0654-9:CNY 24.00 |
| ● |
| 相关链接 |
|
|
|
正题名:沈从文散文选集
索取号:I266/Z800
 
预约/预借
| 序号 | 登录号 | 条形码 | 馆藏地/架位号 | 状态 | 备注 |
| 1 | 398713 | 203987132 | 社科二线400B/400B社科库 25排1列6层/ [索取号:I266/Z800] | 在馆 | |
| 2 | 398714 | 203987141 | 社科二线400B/400B社科库 25排1列6层/ [索取号:I266/Z800] | 在馆 | |
| 3 | 398715 | 203987150 | 社科二线400B/116文学库 2排2列4层/ [索取号:I266/Z800] | 在馆 | |
| 4 | 446624 | 204466247 | 文学库116/116文学库 2排2列4层/ [索取号:I266/Z800] | 在馆 | |
| 5 | 449343 | 204493431 | 文学库116/116文学库 2排2列4层/ [索取号:I266/Z800] | 在馆 | |
| 6 | 449344 | 204493440 | 社科二线400B/400B社科库 13排3列1层/ [索取号:I266/Z800] | 在馆 |